LEADER 02418 am 2200505 n 450 001 9910306650203321 005 20180814 010 $a2-35613-304-6 024 7 $a10.4000/books.ausonius.3764 035 $a(CKB)4100000007522693 035 $a(FrMaCLE)OB-ausonius-3764 035 $a(oapen)https://directory.doabooks.org/handle/20.500.12854/57029 035 $a(PPN)234054638 035 $a(EXLCZ)994100000007522693 100 $a20190408j|||||||| ||| 0 101 0 $afre 135 $auu||||||m|||| 181 $ctxt$2rdacontent 182 $cc$2rdamedia 183 $acr$2rdacarrier 200 13$aLe problème du baptême dans le schisme donatiste /$fCarlos G. García Mac Gaw 210 $aPessac $cAusonius Éditions$d2018 215 $a1 online resource (328 p.) 311 $a2-35613-002-0 330 $aCe livre analyse le débat posé entre l'Église catholique et le donatisme au cours du ve siècle dans les provinces africaines de l'Empire romain, au sujet de la coutume hérétique de rebaptiser les convertis qui arrivaient dans leur groupe. Cette querelle poussa saint Augustin à écrire De baptismo libri VII en prenant appui sur les ouvrages de Saint Cyprien, sans négliger le côté historique du conflit depuis ses débuts. Quoique le problème s'exprime comme une question théologique d'importance, on veut dépasser ce domaine et étudier le glissement du sujet vers le champ politique. On analyse alors la manière dont évolue, entre le IIIe et le début du ve siècle, la perception du rite baptismal et l'élaboration théorique que cela impliquait au regard des changements politiques survenus. Ce discours exprime les nuances de la lutte pour le contrôle des espaces de pouvoir institutionnel entre les Églises africaines. 606 $aHistory 606 $adonatisme 606 $aschisme 606 $apratique religieuse 606 $ahistoire du catholicisme 610 $apratique religieuse 610 $ahistoire du catholicisme 610 $adonatisme 610 $aschisme 615 4$aHistory 615 4$adonatisme 615 4$aschisme 615 4$apratique religieuse 615 4$ahistoire du catholicisme 700 $aGarcía Mac Gaw$b Carlos G$01288473 801 0$bFR-FrMaCLE 906 $aBOOK 912 $a9910306650203321 996 $aLe problème du baptême dans le schisme donatiste$93020881 997 $aUNINA LEADER 04777nam 22005773u 450 001 9910829868503321 005 20230725050842.0 010 $a1-119-19960-3 010 $a1-283-17521-5 010 $a9786613175212 010 $a0-470-82958-3 035 $a(CKB)2550000000041474 035 $a(EBL)693332 035 $a(OCoLC)747426577 035 $a(SSID)ssj0000520999 035 $a(PQKBManifestationID)12179687 035 $a(PQKBTitleCode)TC0000520999 035 $a(PQKBWorkID)10517812 035 $a(PQKB)11467470 035 $a(MiAaPQ)EBC693332 035 $a(EXLCZ)992550000000041474 100 $a20130418d2011|||| u|| | 101 0 $aeng 135 $aur|n|---||||| 181 $ctxt 182 $cc 183 $acr 200 10$aAsia$b[electronic resource] $eA Concise History 210 $aChichester $cWiley$d2011 215 $a1 online resource (498 p.) 300 $aDescription based upon print version of record. 311 $a0-470-82504-9 327 $aAsia: A Concise History; Contents; Preface; Introduction; List of Maps; Photo Credits; Part 1: Ancient Asia; Chapter 1: Ancient West Asia; The First Civilisation: Sumer; The Great Empires: Babylon, Assyria and Persia; Understanding the World: Religion and Myth; Endgame: Greco-Roman Europe Versus Persian Asia; Chapter 2: Ancient South Asia; Asia's Second Civilisation: The Indus Valley; Epic India: The Aryan Invasion; The Buddhist Revolution: The Mauryan Empire; The Age of Invasion: From the Bactrians to the Huns; Chapter 3: Ancient East Asia; The Cradle of the East: The Shang Dynasty 327 $aClassical China: The Zhou DynastyImperial Unification: The Qin and Former Han Emperors; Imperial Crisis: The Failure of the Later Han; Chapter 4: Ancient Central Asia; The Steppe: An Intercontinental Highway; Nomads: The Scourge of the Sown; The Spread of Buddhism: The First Pan-Asian Faith; The Great Raid: Attila the Hun; Part 2: Medieval Asia; Chapter 5: Medieval West Asia; Islam: The Second Pan-Asian Faith; The Umayyad and Abbasid Caliphates; The Coming of the Seljuks; The Crusades; Safavid Persia; The Ottoman Empire; Chapter 6: Medieval South Asia; The Arrival of Islam 327 $aThe Hindu and Buddhist KingdomsThe Mughal Empire; European Rivalry; The British Triumph; Chapter 7: Medieval East Asia; Tang and Song China; Confucian Korea; Feudal Japan; The Ming Revival; Chapter 8: Medieval Central Asia; The Turks and the Qidans; The Tibetan Empire; The Mongol Empire; Tamerlane, the Sword of Islam; The Manchu Conquests; Chapter 9: Medieval Southeast Asia; Independent Vietnam; The Khmer Empire; The Kingdoms of Burma; The Island Powers: Srivijaya, Mataram and Majapahit; The Slow Spread of Islam; The Advent of European Power; The Rise of the Thai; Part 3: Modern Asia 327 $aChapter 10: Modern West AsiaThe Fall of the Ottoman Empire; Between World Wars; The Founding of Israel; Syria, Lebanon and Jordan; Iraq versus Iran; Saudi Arabia and the Gulf States; Modern Turkey; Chapter 11: Modern South Asia; The British Raj; The Indian Mutiny; The End of Company Rule; Gandhi and Indian Nationalism; Independence and Partition; Sri Lanka and Bangladesh; Chapter 12: Modern East Asia; China's Humiliation; Japanese Imperialism; The People's Republic of China; The Korean War; The Rise of the Pacific Rim; Chapter 13: Modern Central Asia; The Russian Advance; The Great Game 327 $aAfghanistan, the Land of BonesSiberia and Mongolia; The Central Asian Republics; Chapter 14: Modern Southeast Asia; The Dutch East Indies; The British Possessions; French Indochina and Thailand; The Greater East Asia Co-Prosperity Sphere; Post-War Decolonisation; The Republic of Indonesia; The Tragedy of Vietnam; Filipino Democracy; Postscript: The Rise of Present-Day Asia; Glossary; Further Reading; Index 330 $aFrom one of the world's leading historians?a comprehensive narrative of the 3,000 years that have formed Asia's people, culture, and global destiny Tracing its origins in Mesopotamia to its modern role on the global geopolitical stage, historian Arthur Cotterell offers a compelling, lively, and readable account of one of the most culturally diverse, and often misunderstood, parts of the world. Beginning with the emergence of the world's earliest civilization in 3000 BC, Asia: A Concise History provides a fascinating look at the global convulsions?like the rise and fall of Assyria and 606 $aAsia -- History 606 $aAsia 615 4$aAsia -- History. 615 4$aAsia. 676 $a950 700 $aCotterell$b Arthur$0468591 801 0$bAU-PeEL 801 1$bAU-PeEL 801 2$bAU-PeEL 906 $aBOOK 912 $a9910829868503321 996 $aAsia$94045944 997 $aUNINA